LDR 00625naa#a2200169#i#450# 001 EN\\bibl\118726 005 20260517083341.7 011 ## _a1994-4683 100 ## _a20230428b2023####ek#y0engy0150####ca 102 ## _aRU 200 1# _aIDENTIFICATION OF THE MOST EFFECTIVE TECHNIQUES PERFORMED BY SAMBISTS AT THE WORLD SAMBO CHAMPIONSHIPS 2022 IN BISHKEK _eJournal article 210 1# _aMoscow _cNational State University of Physical Education, Sports and Health named after P.F. Lesgaft _d2023 215 ## _a3 с. 608 ## _aJournal article _2local 675 ## _aСамбо. 796.814 _z 700 #1 _aNikishkin _gV V 856 4# _auchzapiski.lesgaft.spb.ru _u